000
00335nam a2200133Ia 4500
008
191201s2018 xx 000 0 und d
082
_a
615.1 KUH
100
_a
KUMAR, N
245
0
_a
Health education and community Pharmacy
260
_b
AITBS Pub
_a
New Delhi
_c
2018
300
_a
216
650
_a
Community Pharmacy
942
_2
ddc
_c
BK
999
_c
8217
_d
8217